| 000 | 00594nam a2200193Ia 4500 | ||
|---|---|---|---|
| 005 | 20250508155115.0 | ||
| 008 | 008 250505s9999 xx 000 0 eng d | ||
| 037 | _aTextual | ||
| 040 |
_aFEDL _beng _cFEDL |
||
| 041 |
_aeng _2eng |
||
| 084 |
_a621, NCE _qFEDL |
||
| 100 | _aBasu S K | ||
| 245 | 0 | _aElements of mechanical engineering: A text book for technical schools | |
| 260 |
_aNew Delhi, India _bNational Council of Educational Research and Training _c1967 |
||
| 300 | _aix,82p. | ||
| 490 | _aSchool technology | ||
| 942 |
_cTEXL _h621, NCE |
||
| 999 |
_c1354283 _d1354283 |
||